Germany, Greece, Norway, Russia, or Wales? - Statistics

General Stats
  • This quiz has been taken 22 times
  • The average score is 13 of 20
Answer Stats
Question Answer % Correct
Strandvik Norway
95%
Rzhev Russia
95%
Hohnsberg Germany
91%
Gowerton Wales
91%
Erbenheim Germany
86%
Galatista Greece
82%
Kviteseid Norway
82%
Ryazan Russia
82%
Episkopi Greece
73%
Perm Russia
73%
Rhuddlan Wales
73%
Floro Norway
68%
Hanigsen Germany
59%
Lesja Norway
55%
Arta Greece
45%
Nantmel Wales
45%
Hoxter Germany
41%
Kastanitsa Greece
41%
Dolgellau Wales
41%
Palkino Russia
27%
No matching quizzes found
Score Distribution
Percent of People with Each Score
Percentile by Number Answered
Your Score History
You have not taken this quiz